Jak motivovat sebe a své spolupracovníky

Saved in:
Bibliographic Details
Main Author: Niermeyer, Rainer
Other Authors: Seyffert, Manuel, Kunst, Petr
Format: Book
Language:Czech
Published: Praha Grada Publishing 2005
Series:Poradce pro praxi
Subjects:
Tags: Add Tag
No Tags, Be the first to tag this record!

MARC

LEADER 00000nam$a2200000$$$4500
001 0040687
005 20240313133041.6
020 |a 80-247-1223-7 
041 0 |a cze 
044 |a CZ 
245 1 0 |a Jak motivovat sebe a své spolupracovníky  |c Rainer Niermeyer, Manuel Seyffert ; překlad: Petr Kunst 
264 1 |a Praha  |b Grada Publishing  |c 2005 
300 |a 109 s. 
490 1 |a Poradce pro praxi 
830 0 |a Poradce pro praxi 
610 2 0 |a motivácia pracovná 
610 2 0 |a úspech pracovný 
610 2 0 |a pracovníci vedúci 
610 2 0 |a spolupracovníci 
610 2 0 |a ciele podnikové 
610 2 0 |a koučovanie 
610 2 0 |a kompetencie 
610 2 0 |a odmeňovanie 
610 2 0 |a kariéra 
610 2 0 |a inovácia 
100 1 |a Niermeyer, Rainer 
700 1 |a Seyffert, Manuel 
700 1 |a Kunst, Petr